| 000 | 00609nam a2200205 i 4500 | ||
|---|---|---|---|
| 001 | 50822 | ||
| 003 | ES-MaACL | ||
| 005 | 20230906162237.0 | ||
| 007 | t| | ||
| 008 | 030807s1977 sp |||| | spa d | ||
| 100 | 1 |
_aCurle, Adam. _942222 |
|
| 245 | 1 | 0 |
_aEducación liberadora / _cAdam Curle ; [versión de Fausto Ezcurra Rolín]. |
| 260 |
_aMadrid : _bHerder, _c1977. |
||
| 300 |
_a193 p. ; _c20 cm. |
||
| 490 | 1 |
_aProblemas de pedagogía ; _v17 |
|
| 700 | 1 |
_aEzcurra Rolín, Fausto. _948465 |
|
| 830 | 0 |
_aProblemas de pedagogía ; _v17 _9182335 |
|
| 852 |
_aES-MaACL _jA-7188 |
||
| 999 |
_c50822 _d50822 |
||